[Event "VIE-chT"]
[Site "Hanoi"]
[Date "2023.04.22"]
[Round "7"]
[White "Ha, Viet Anh"]
[Black "Pham, Anh Tuan"]
[Result "0-1"]
[WhiteElo "1976"]
[BlackElo "1932"]
[PlyCount "98"]
[EventDate "2023.04.18"]
[EventType "swiss"]
[EventRounds "9"]
[EventCountry "VIE"]
[SourceTitle "EXT 2024"]
[Source "ChessBase"]
[SourceDate "2023.10.10"]
[SourceVersion "1"]
[SourceVersionDate "2023.10.10"]
[SourceQuality "1"]

1. d4 Nf6 2. Nf3 e6 3. c4 d5 4. Nc3 a6 5. cxd5 exd5 6. Bf4 Be7 7. e3 0-0 8. Bd3 Nbd7 9. 0-0 Re8 10. Rc1 Nf8 11. h3 Ng6 12. Bh2 Bd6 13. Bxd6 Qxd6 14. Qb3 b6 15. Na4 Bd7 16. Bxg6 hxg6 17. Ne5 Bxa4 18. Qxa4 c5 19. Nf3 c4 20. Nd2 g5 21. Qc2 g4 22. Qf5 g3 23. Qf4 Qxf4 24. exf4 Re2 25. Rcd1 Ne4 26. Nxe4 dxe4 27. fxg3 Rxb2 28. d5 b5 29. f5 e3 30. Rfe1 e2 31. Rd4 Rxa2 32. Kf2 Kf8 33. Rxe2 Rxe2+ 34. Kxe2 Ke7 35. d6+ Kd7 36. g4 Re8+ 37. Kd2 Re5 38. h4 f6 39. g3 a5 40. Kd1 c3 41. Rf4 Re3 42. g5 Rxg3 43. g6 Kxd6 44. Re4 b4 45. Re6+ Kd5 46. Ra6 b3 47. Rxa5+ Ke4 48. Rb5 Rg1+ 49. Ke2 b2 0-1

[Event "VIE-chT"]
[Site "Hanoi"]
[Date "2023.04.19"]
[Round "3"]
[White "Pham, Anh Tuan"]
[Black "Duong, Vu Anh"]
[Result "1/2-1/2"]
[WhiteElo "1932"]
[BlackElo "1975"]
[PlyCount "85"]
[EventDate "2023.04.18"]
[EventType "swiss"]
[EventRounds "9"]
[EventCountry "VIE"]
[SourceTitle "EXT 2024"]
[Source "ChessBase"]
[SourceDate "2023.10.10"]
[SourceVersion "1"]
[SourceVersionDate "2023.10.10"]
[SourceQuality "1"]

1. d4 d5 2. c4 e6 3. Nf3 c6 4. cxd5 exd5 5. Nc3 Bf5 6. e3 Nf6 7. Bd3 Bxd3 8. Qxd3 Bd6 9. 0-0 Qe7 10. a3 0-0 11. b4 a6 12. Na4 Nbd7 13. Bb2 b5 14. Nc5 Nb6 15. Ne5 Nc4 16. Nxc4 bxc4 17. Qf5 Rfe8 18. Bc3 g6 19. Qf3 Ne4 20. Rfc1 Nxc3 21. Rxc3 a5 22. Rb1 Reb8 23. Rcc1 axb4 24. axb4 Rb5 25. e4 Bxc5 26. dxc5 dxe4 27. Qe2 Rab8 28. Qxc4 e3 29. Re1 e2 30. Rxe2 Qxc5 31. Qxc5 Rxc5 32. Re8+ Rxe8 33. bxc5 Re2 34. Rc1 f5 35. g3 g5 36. Kg2 g4 37. Rc4 Kf7 38. Rd4 Ke7 39. Ra4 Kf6 40. Rd4 Ke7 41. Ra4 Ke6 42. Rd4 Ke7 43. Ra4 1/2-1/2

[Event "VIE-chT"]
[Site "Hanoi"]
[Date "2023.04.18"]
[Round "1"]
[White "Pham, Anh Tuan"]
[Black "Nguyen, Anh Huy1111"]
[Result "1-0"]
[WhiteElo "1932"]
[BlackElo "1812"]
[PlyCount "125"]
[EventDate "2023.04.18"]
[EventType "swiss"]
[EventRounds "9"]
[EventCountry "VIE"]
[SourceTitle "EXT 2024"]
[Source "ChessBase"]
[SourceDate "2023.10.10"]
[SourceVersion "1"]
[SourceVersionDate "2023.10.10"]
[SourceQuality "1"]

1. d4 Nf6 2. c4 e6 3. Nf3 b6 4. g3 Bb7 5. Bg2 Be7 6. Nc3 d6 7. 0-0 Ne4 8. Qc2 Nxc3 9. Qxc3 0-0 10. b3 Nd7 11. Bb2 Bf6 12. Qc2 Re8 13. e4 e5 14. d5 a5 15. Ne1 Nc5 16. Nd3 Bc8 17. Ba3 Bd7 18. Rae1 Qc8 19. f3 Bh3 20. Bc1 Bxg2 21. Kxg2 Qd7 22. Be3 c6 23. Nxc5 bxc5 24. dxc6 Qxc6 25. a4 Be7 26. Rd1 Rf8 27. Qd3 Rab8 28. Bd2 Ra8 29. Kg1 Qc8 30. g4 g6 31. Kh1 Qe6 32. Bc3 Rfb8 33. Rb1 Ra6 34. Qe3 Qc8 35. Rfd1 Qb7 36. Rd3 Rf8 37. Qd2 Rb8 38. Bxe5 Re8 39. Ba1 f6 40. Re3 Qc8 41. Qd5+ Kg7 42. Bc3 h6 43. h3 Ra7 44. f4 Rf8 45. Rf1 Rf7 46. g5 hxg5 47. fxg5 Qf8 48. Ref3 Bd8 49. gxf6+ Kh7 50. Qg5 Qh6 51. Qxh6+ Kxh6 52. Rd3 Bc7 53. Rg1 Ra8 54. Rf3 Rg8 55. Rg4 g5 56. h4 Bd8 57. hxg5+ Kg6 58. Rh3 Rh7 59. Rh6+ Rxh6+ 60. gxh6+ Kh7 61. Rxg8 Kxg8 62. f7+ Kxf7 63. h7 1-0

[Event "VIE-chT"]
[Site "Ho Chi Minh City"]
[Date "2019.09.28"]
[Round "4.33"]
[White "Pham, Anh Tuan"]
[Black "Duong, Vu Anh"]
[Result "1-0"]
[WhiteElo "1896"]
[BlackElo "1474"]
[PlyCount "137"]
[EventDate "2019.09.26"]
[EventType "team-swiss"]
[EventRounds "9"]
[EventCountry "VIE"]
[SourceTitle "EXT 2020"]
[Source "ChessBase"]
[SourceDate "2019.10.17"]
[SourceVersion "1"]
[SourceVersionDate "2019.10.17"]
[SourceQuality "1"]

1. e4 e5 2. Nf3 Nf6 3. Nc3 Nc6 4. d4 exd4 5. Nxd4 Bb4 6. Nxc6 bxc6 7. Bd3 h6 8. 0-0 0-0 9. e5 Nd5 10. Nxd5 cxd5 11. Qg4 Qe7 12. c3 Bc5 13. Bxh6 f5 14. exf6 Qxf6 15. Bg5 Qf7 16. Qh4 g6 17. Bh6 Re8 18. Be3 d6 19. Bxc5 dxc5 20. Qg3 Kg7 21. Rae1 Be6 22. Re5 Qf6 23. Rg5 Bf7 24. h4 Qd6 25. Qg4 Re5 26. f4 Rxg5 27. Qxg5 Qd8 28. Qg4 Qe8 29. Qg3 Kh8 30. f5 gxf5 31. Bxf5 Qe7 32. Qf4 Bg8 33. Qh6+ Bh7 34. Qxh7+ Qxh7 35. Bxh7 Kxh7 36. Rf7+ Kg6 37. Rxc7 Rb8 38. b3 c4 39. bxc4 dxc4 40. Rxc4 Rb5 41. Kh2 a5 42. a4 Rf5 43. Kg3 Rd5 44. Kg4 Re5 45. Rc6+ Kg7 46. c4 Re4+ 47. Kg5 Re5+ 48. Kf4 Rh5 49. g3 Kf7 50. Ke4 Ke7 51. Kd4 Rh8 52. Kc5 Rg8 53. Kb5 Rxg3 54. Kxa5 Rg4 55. h5 Rg5+ 56. Kb6 Rxh5 57. c5 Rh4 58. a5 Rb4+ 59. Kc7 Ra4 60. a6 Ra3 61. Kb7 Rb3+ 62. Rb6 Rc3 63. c6 Kd8 64. a7 Rxc6 65. Rxc6 Ke7 66. a8Q Kd7 67. Qc8+ Ke7 68. Qc7+ Ke8 69. Ra6 1-0

[Event "GER-ch U25-B"]
[Site "Willingen"]
[Date "2019.06.15"]
[Round "9"]
[White "Hoffmann, Alexander2222"]
[Black "Pham, Anh Tuan"]
[Result "1/2-1/2"]
[WhiteElo "1631"]
[BlackElo "1300"]
[PlyCount "114"]
[EventDate "2019.06.08"]
[EventType "swiss"]
[EventRounds "9"]
[EventCountry "GER"]
[SourceTitle "EXT 2020"]
[Source "ChessBase"]
[SourceDate "2019.10.17"]
[SourceVersion "1"]
[SourceVersionDate "2019.10.17"]
[SourceQuality "1"]

1. e4 e5 2. Nf3 Nc6 3. Bc4 d6 4. h3 h6 5. 0-0 Nf6 6. Re1 Be7 7. d3 0-0 8. Nbd2 Bd7 9. Nf1 Rb8 10. Ng3 Qc8 11. Be3 Kh7 12. d4 b5 13. Bb3 g6 14. Qd2 Ng8 15. d5 Nd8 16. Bxa7 Rb7 17. Be3 c5 18. dxc6 Nxc6 19. Bd5 Bd8 20. Bxc6 Qxc6 21. Rad1 Be7 22. Qd3 Be6 23. a3 Bc4 24. Qc3 Rd8 25. b3 d5 26. bxc4 d4 27. Bxd4 exd4 28. Rxd4 Rxd4 29. Nxd4 Qxc4 30. Qxc4 bxc4 31. Ra1 Bc5 32. Nde2 Rb2 33. c3 Ne7 34. a4 Nc6 35. a5 Ba7 36. Kf1 Rb5 37. a6 Rb6 38. Nd4 Nb8 39. Ra4 Nxa6 40. Rxc4 Rb1+ 41. Ke2 Nb8 42. Rc7 Rb2+ 43. Kf3 Bxd4 44. cxd4 Kg7 45. d5 Na6 46. Rc6 Nb4 47. Rb6 Rb3+ 48. Ke2 Rb2+ 49. Kd1 Rb1+ 50. Kd2 Rb2+ 51. Kc3 Nxd5+ 52. Kxb2 Nxb6 53. Kc3 Nd7 54. Kd4 f6 55. f4 Kf7 56. f5 Ne5 57. fxg6+ Kxg6 1/2-1/2

[Event "GER-ch U25-B"]
[Site "Willingen"]
[Date "2019.06.12"]
[Round "5"]
[White "Pham, Anh Tuan"]
[Black "Paqarizi, Endrit"]
[Result "0-1"]
[WhiteElo "1300"]
[BlackElo "1414"]
[PlyCount "52"]
[EventDate "2019.06.08"]
[EventType "swiss"]
[EventRounds "9"]
[EventCountry "GER"]
[SourceTitle "CBM 191 Extra"]
[Source "ChessBase"]
[SourceDate "2019.09.30"]
[SourceVersion "1"]
[SourceVersionDate "2019.09.30"]
[SourceQuality "1"]

1. c4 e5 2. e4 d6 3. h3 Nc6 4. Nf3 Be6 5. d4 Nxd4 6. Nxd4 exd4 7. Qxd4 Qf6 8. Qe3 Ne7 9. Nc3 c6 10. Bd3 Ng6 11. Bd2 Ne5 12. b3 Nxd3+ 13. Qxd3 Be7 14. Be3 0-0 15. Rd1 Qg6 16. Qf1 f5 17. exf5 Bxf5 18. Ne2 Bc2 19. Rd4 d5 20. Rg4 Qd3 21. Bd2 Bb4 22. f3 Bxd2+ 23. Kf2 Qe3+ 24. Kg3 Qe5+ 25. Kf2 Rae8 26. Nd4 Be3+ 0-1

[Event "GER-ch U25-B"]
[Site "Willingen"]
[Date "2019.06.10"]
[Round "3"]
[White "Pham, Anh Tuan"]
[Black "Ewerhardy, Moritz"]
[Result "0-1"]
[WhiteElo "1300"]
[BlackElo "1654"]
[PlyCount "68"]
[EventDate "2019.06.08"]
[EventType "swiss"]
[EventRounds "9"]
[EventCountry "GER"]
[SourceTitle "CBM 191 Extra"]
[Source "ChessBase"]
[SourceDate "2019.09.30"]
[SourceVersion "1"]
[SourceVersionDate "2019.09.30"]
[SourceQuality "1"]

1. c4 Nf6 2. g3 g6 3. Bg2 Bg7 4. e3 d6 5. d4 0-0 6. Nc3 c5 7. Nf3 Nc6 8. 0-0 a6 9. Re1 Qc7 10. b3 cxd4 11. exd4 e5 12. Bb2 Bg4 13. Ne4 Nxe4 14. Rxe4 f5 15. Re1 e4 16. h3 Bxf3 17. Bxf3 exf3 18. Qxf3 Kh8 19. Rad1 Qa5 20. a3 Rae8 21. Re2 Rxe2 22. Qxe2 Qd8 23. d5 Ne5 24. Kg2 f4 25. gxf4 Rxf4 26. Bc1 Rf8 27. f4 Nd7 28. Re1 Bc3 29. Bb2 Bxb2 30. Qxb2+ Kg8 31. Qf2 Nc5 32. Re3 Re8 33. Rf3 Qe7 34. Kg3 Ne4+ 0-1

[Event "Mecklenburg VP-ch U14"]
[Site "Malchow"]
[Date "2019.02.04"]
[Round "4.6"]
[White "Kirchner, Bao Long Marc"]
[Black "Pham, Anh Tuan"]
[Result "0-1"]
[WhiteElo "1077"]
[BlackElo "1349"]
[PlyCount "122"]
[EventDate "2019.02.02"]
[EventType "swiss"]
[EventRounds "7"]
[EventCountry "GER"]
[SourceTitle "EXT 2022"]
[Source "ChessBase"]
[SourceDate "2021.10.06"]
[SourceVersion "1"]
[SourceVersionDate "2021.10.06"]
[SourceQuality "1"]

1. Nc3 e5 2. b3 c6 3. e4 Bc5 4. d3 Nf6 5. h3 0-0 6. Nf3 Qa5 7. Bd2 Qd8 8. Be3 Bxe3 9. fxe3 d6 10. d4 Qa5 11. Qd2 Rd8 12. d5 a6 13. a3 Bd7 14. b4 Qc7 15. Bd3 Re8 16. 0-0 cxd5 17. Ng5 h6 18. Nf3 Bc6 19. Ne1 d4 20. Nd1 Nxe4 21. Bxe4 Bxe4 22. Qf2 dxe3 23. Nxe3 Bg6 24. Nd5 Qc6 25. Nb6 Ra7 26. a4 Nd7 27. Nc4 Raa8 28. Na5 Qc7 29. Nf3 b6 30. Nb3 Qxc2 31. Nfd2 Qc7 32. Rac1 Qb7 33. Nf3 Qe4 34. Qd2 Qd3 35. Qb2 Ra7 36. Rfd1 Qe4 37. Qc3 d5 38. Re1 Qf5 39. Nh4 Qd3 40. Qb2 Qg3 41. Nf3 Be4 42. Nbd2 Bf5 43. Nf1 Qg6 44. Nh4 Qf6 45. Nf3 e4 46. Nd4 Nb8 47. Re3 Bd7 48. Qa1 Bxa4 49. Qxa4 Ree7 50. Ne2 d4 51. Nxd4 Qxd4 52. Rc8+ Kh7 53. Rxb8 f5 54. Re8 f4 55. Kf2 fxe3+ 56. Nxe3 Qd2+ 57. Kg3 Qxe3+ 58. Kh2 Qf4+ 59. Kg1 e3 60. Qc2+ g6 61. Qb3 Rxe8 0-1

[Event "VIE-ch U17"]
[Site "Hai Phong"]
[Date "2018.07.09"]
[Round "4"]
[White "Pham, Anh Tuan"]
[Black "Nguyen, Minh Dat"]
[Result "1-0"]
[WhiteElo "1765"]
[BlackElo "1767"]
[PlyCount "51"]
[EventDate "2018.07.07"]
[EventType "swiss"]
[EventRounds "9"]
[EventCountry "VIE"]
[SourceTitle "EXT 2019"]
[Source "ChessBase"]
[SourceDate "2018.10.10"]
[SourceVersion "1"]
[SourceVersionDate "2018.10.10"]
[SourceQuality "1"]

1. e4 e6 2. d4 d5 3. Nd2 Nf6 4. e5 Nfd7 5. Bd3 c5 6. c3 Nc6 7. Ne2 Qb6 8. Nf3 Be7 9. 0-0 f6 10. exf6 Bxf6 11. Nf4 Nd8 12. Re1 0-0 13. Qc2 Kh8 14. Bxh7 Rf7 15. dxc5 Nxc5 16. Qg6 Qc7 17. Qh5 g5 18. Ng6+ Kg7 19. Nxg5 Rd7 20. Bf4 Qb6 21. Bg8 Kxg8 22. Be5 Nd3 23. Bxf6 Qxf2+ 24. Kh1 Qxf6 25. Rf1 Qg7 26. Rf8+ 1-0

[Event "GER-ch U25-C"]
[Site "Willingen"]
[Date "2018.05.25"]
[Round "8"]
[White "Pham, Anh Tuan"]
[Black "Feil, Alexander"]
[Result "0-1"]
[WhiteElo "1149"]
[BlackElo "1164"]
[PlyCount "110"]
[EventDate "2018.05.19"]
[EventType "swiss"]
[EventRounds "9"]
[EventCountry "GER"]
[SourceTitle "CBM 184 Extra"]
[Source "ChessBase"]
[SourceDate "2018.06.28"]
[SourceVersion "1"]
[SourceVersionDate "2018.06.28"]
[SourceQuality "1"]

1. e4 e5 2. Nf3 Nf6 3. Nc3 Nc6 4. d3 Bc5 5. Bg5 h6 6. Bh4 g5 7. Bg3 d6 8. h3 Be6 9. Nd2 d5 10. Nb3 Bd6 11. d4 exd4 12. exd5 dxc3 13. dxe6 cxb2 14. exf7+ Kxf7 15. Rb1 Re8+ 16. Be2 Bxg3 17. fxg3 Qxd1+ 18. Rxd1 Nb4 19. Nd4 Rad8 20. 0-0 Kg6 21. c3 c5 22. cxb4 cxd4 23. Bd3+ Kg7 24. Rf2 Re3 25. Rf3 Rc8 26. Rb1 Rc1+ 27. Rf1 Rxd3 28. Rbxc1 bxc1Q 29. Rxc1 Rc3 30. Rd1 d3 31. Kf2 Rc2+ 32. Ke3 d2 33. a3 Ra2 34. g4 Nd5+ 35. Kd4 Nf4 36. Kc3 Rxa3+ 37. Kxd2 Rd3+ 38. Kc2 Rxd1 39. Kxd1 Nxg2 40. Kd2 Kf6 41. Ke2 Nf4+ 42. Ke3 Nxh3 43. Kd4 Ke6 44. Kc5 Nf2 45. b5 Nxg4 46. b6 a6 47. Kb4 h5 48. Kc3 h4 49. Kd4 h3 50. Kd3 h2 51. Ke2 h1Q 52. Kd2 Qf3 53. Kc2 Kd5 54. Kd2 Kc4 55. Kc2 Qe2+ 0-1

[Event "Mecklenburg VP U10"]
[Site "Malchow"]
[Date "2016.02.02"]
[Round "6.10"]
[White "Pham, Anh Tuan"]
[Black "Bohndorf, Jonas"]
[Result "1-0"]
[WhiteElo "977"]
[BlackElo "750"]
[PlyCount "57"]
[EventDate "2016.02.02"]
[EventType "swiss"]
[EventRounds "7"]
[EventCountry "GER"]
[SourceTitle "EXT 2024"]
[Source "ChessBase"]
[SourceDate "2023.10.10"]
[SourceVersion "1"]
[SourceVersionDate "2023.10.10"]
[SourceQuality "1"]

1. e4 e5 2. Nf3 Nc6 3. Bb5 Nf6 4. d3 d5 5. Nc3 Bg4 6. 0-0 Qd6 7. h3 Bh5 8. Bg5 h6 9. Bxf6 gxf6 10. exd5 0-0-0 11. dxc6 bxc6 12. Ne4 Qd7 13. Nxf6 Qf5 14. Ba6+ Kb8 15. Nxh5 Qxh5 16. Qe2 f5 17. Qxe5 Rd5 18. Qxh8 Qf7 19. Bc4 Qg7 20. Qxg7 Bxg7 21. Bxd5 cxd5 22. Rae1 Bxb2 23. Rb1 Kb7 24. Rxb2+ Kc6 25. Ne5+ Kd6 26. Nf7+ Kc5 27. Nxh6 f4 28. g4 fxg3 29. fxg3 1-0

[Event "Mecklenburg VP-ch U10"]
[Site "Malchow"]
[Date "2015.02.04"]
[Round "7.4"]
[White "Kloepzig, Lars Arvid"]
[Black "Pham, Anh Tuan"]
[Result "1/2-1/2"]
[WhiteElo "787"]
[BlackElo "727"]
[PlyCount "109"]
[EventDate "2015.01.31"]
[EventType "swiss"]
[EventRounds "7"]
[EventCountry "GER"]
[SourceTitle "EXT 2022"]
[Source "ChessBase"]
[SourceDate "2021.10.06"]
[SourceVersion "1"]
[SourceVersionDate "2021.10.06"]
[SourceQuality "1"]

1. e4 e5 2. Nf3 Nc6 3. Nc3 Nf6 4. Bb5 Bb4 5. 0-0 0-0 6. d3 d6 7. Bg5 Bxc3 8. bxc3 Bg4 9. Bxc6 bxc6 10. h3 Bxf3 11. Qxf3 h6 12. Bxf6 Qxf6 13. Qxf6 gxf6 14. Rae1 d5 15. Re3 d4 16. cxd4 exd4 17. Rg3+ Kh8 18. Rb1 a5 19. Rb7 Rac8 20. Rf3 Kg7 21. Ra7 Rb8 22. Rxc7 Rb1+ 23. Kh2 Rb6 24. Rf5 Kh7 25. Rxf6 Kg7 26. Rfxc6 Rxc6 27. Rxc6 f5 28. Rc7+ Kf6 29. Rc6+ Kg7 30. f3 fxe4 31. fxe4 Rf2 32. Rd6 Rxc2 33. Rxd4 Rxa2 34. Rd7+ Kf8 35. e5 Ke8 36. e6 a4 37. Ra7 a3 38. d4 Re2 39. Rxa3 Rxe6 40. Ra8+ Kd7 41. Ra5 Rd6 42. Rh5 Rxd4 43. Rxh6 Ke7 44. g4 Rd2+ 45. Kg3 Kf7 46. g5 Rd3+ 47. Kh4 Rd4+ 48. Kh5 Rd3 49. g6+ Kg7 50. Rh7+ Kg8 51. Kg5 Rg3+ 52. Kf6 Rf3+ 53. Ke6 Re3+ 54. Kf5 Rf3+ 55. Kg4 1/2-1/2